01658nam a2200289 a 4500001001200000003000800012006001900020007001500039008004100054020001800095020001800113040002100131035002100152050002400173100001900197245007400216260006600290300002300356504005100379505056000430533015200990650003501142655002901177710001701206856012601223999001901349ebr10235177CaPaEBRm u cr cn|||||||||081104s2008 enka sb 001 0 eng d z9781861978097 z9781847650382 aCaPaEBRcCaPaEBR a(OCoLC)25148367114aHG4026b.T46 2008eb1 aTennent, John.10aGuide to financial managementh[electronic resource] /cJohn Tennent. aLondon :bEconomist in association with Profile Books,c2008. avi, 327 p. :bill. aIncludes bibliographical references and index.0 a1. Defining a successful business -- 2. Business structures -- 3. The role of the finance department -- 4. Financial statements and accounting systems -- 5. Accounting concepts and principles -- 6. Investors -- 7. Cost to serve -- 8. Product pricing and profitability -- 9. Portfolio management -- 10. Investment appraisal -- 11. Business planning, budgeting and reporting -- 12. Operational ratios and metrics -- 13. Stockmarket and investor measures -- 14. Working capital management -- 15. Published reports and accounts -- 16. Accounting complexities. aElectronic reproduction.bPalo Alto, Calif. :cebrary,d2009.nAvailable via World Wide Web.nAccess may be limited to ebrary affiliated libraries. 0aBusiness enterprisesxFinance. 7aElectronic books.2local2 aebrary, Inc.40uhttp://site.ebrary.com/lib/rucke/Doc?id=10235177zAn electronic book accessible through the World Wide Web; click to view c152934d152934